Peak park Joint Planning Board v East Midlands Electricity plc (Record no. 51812)

MARC details
000 -LEADER
fixed length control field 01333cab a2200229 4500
001 - CONTROL NUMBER
control field X87755
008 - FIXED-LENGTH DATA ELEMENTS--GENERAL INFORMATION
fixed length control field 090401t1997 xxu||||| |||| 00| 0 eng d
035 ## - SYSTEM CONTROL NUMBER
System control number (Sirsi) u82134
041 ## - LANGUAGE CODE
Language code of text/sound track or separate title eng
245 ## - TITLE STATEMENT
Title Peak park Joint Planning Board v East Midlands Electricity plc
260 ## - PUBLICATION, DISTRIBUTION, ETC.
Date of publication, distribution, etc. 1997
350 ## - PRICE (NR) (BK AM CF MU VM SE) [OBSOLETE]
Price 0
490 ## - SERIES STATEMENT
Series statement Planning Appeal Decisions
Volume/sequential designation (1997) 12 PAD 525-528(4)
520 ## - SUMMARY, ETC.
Summary, etc. Replacement of existing 22m radio mast with new 42m radio mast - joint decision by Secretaries of State for the Environment and for Trade and Industry - operational land of statutory undertaker - PPGs 7 and 8 in conflict - impact of proposal on natural beauty of National park - Structure Plan - emerging Local Plan - alien and obtrusive feature - need for proposal - well-being of local communities - undertaker`s statutory duty - core network - personal mobile radio network - telemetry system - improve reliability of local electricity supply by reducing "outage" time - alternative solutions - possible removal of another existing mast - sharing use of other existing masts - lack of security of tenure.
650 ## - SUBJECT ADDED ENTRY--TOPICAL TERM
Topical term or geographic name entry element PEAK PARK JOINT PLANNING BOARD V EAST MIDLANDS ELECTRICITY PLC
650 ## - SUBJECT ADDED ENTRY--TOPICAL TERM
Topical term or geographic name entry element PPG7
650 ## - SUBJECT ADDED ENTRY--TOPICAL TERM
Topical term or geographic name entry element PPG8
650 ## - SUBJECT ADDED ENTRY--TOPICAL TERM
Topical term or geographic name entry element RADIO MASTS
690 ## - LOCAL SUBJECT ADDED ENTRY--TOPICAL TERM (OCLC, RLIN)
Topical term or geographic name as entry element PLANNING LAW AND PRACTICE-CASE LAW
942 ## - ADDED ENTRY ELEMENTS (KOHA)
Suppress in OPAC 0
948 ## - LOCAL PROCESSING INFORMATION (OCLC); SERIES PART DESIGNATOR (RLIN)
c (OCLC) 17/11/1997
Holdings
Withdrawn status Lost status Source of classification or shelving scheme Damaged status Not for loan Home library Current library Shelving location Date acquired Total Checkouts Full call number Barcode Date last seen Copy number Price effective from Koha item type
    Dewey Decimal Classification     London London Journal article 14/09/1999   X87755 82134-1001 06/08/2019 1 06/08/2019 Law report